[Event "Xtracon Chess Open 2016"]
[Site "Helsingor DEN"]
[Date "2016.07.24"]
[Round "2.70"]
[White "Frisk, Hans"]
[Black "Ranaldi, Lucas"]
[Result "1/2-1/2"]
[WhiteElo "1981"]
[BlackElo "2228"]
[WhiteFideId "1708570"]
[BlackFideId "1519484"]
[EventDate "2016.07.23"]

1. e4 c5 2. Nf3 Nc6 3. Bb5 d6 4. O-O Bd7 5. Re1 Nf6 6. c3 a6 7. Bf1 e5 8. d4
cxd4 9. cxd4 Bg4 10. dxe5 dxe5 11. Qxd8+ Rxd8 12. Be3 Bxf3 13. gxf3 Nd4 14. Bxd4
Rxd4 15. Nc3 Bb4 16. a3 Bxc3 17. bxc3 Rd7 18. Red1 Ke7 19. Rxd7+ Kxd7 20. Rb1
Kc7 21. Bc4 Rf8 22. a4 Nd7 23. Bd5 Nc5 24. a5 f6 25. Kf1 Rb8 26. Rb6 Rd8 27. Ke2
f5 28. h4 f4 29. h5 Rd6 30. Rb4 Rh6 31. Rc4 Kd6 32. Rb4 Rxh5 33. Bxb7 Rh6 34.
Bd5 Rf6 35. Rb8 h5 36. Rh8 Rh6 37. Rxh6+ gxh6 38. Bc4 Kc7 39. Kf1 Kb7 40. Kg2
Na4 41. Kh3 Nxc3 42. Kh4 Nb1 43. Kxh5 Nd2 44. Bd5+ Kc7 45. Kxh6 Nxf3 46. Kg6 Kd6
47. Kf5 Nd4+ 48. Kf6 Nc2 49. Bc4 Nb4 50. Be2 Nc6 51. Bxa6 Nxa5 52. Bc8 Nb3 53.
f3 Nc5 54. Bg4 Nd3 55. Bh3 Nf2 56. Bf1 Nd1 57. Ba6 Nf2 58. Bf1 Nd1 59. Ba6 Nc3
60. Kf5 Na2 61. Kf6 Nb4 62. Bc8 Nd3 63. Ba6 Nc5 64. Bc4 Nd7+ 65. Kf5 Nb6 66. Ba6
Na4 67. Kf6 Nc3 68. Bf1 Nb1 69. Ba6 Nd2 70. Be2 Nb3 71. Bf1 Nd4 72. Bg2 Nc6 73.
Bf1 Kc5 74. Ke6 Kd4 75. Bh3 Nb4 76. Bg4 Nd3 77. Bh5 Nf2 78. Kf5 Nh1 79. Bg4 Ng3+
80. Kf6 Nf1 81. Bh5 Nd2 82. Kf5 Nc4 83. Kf6 Nd6 84. Ke6 Nb7 85. Kf6 Nc5 86. Bg4
Nd3 87. Kf5 Nf2 88. Bh5 Nh1 89. Bg4 Ng3+ 90. Kf6 Nxe4+ 91. fxe4 Kxe4 92. Ke6 f3
93. Bxf3+ Kxf3 94. Kxe5 1/2-1/2

[Event "Xtracon Chess Open 2016"]
[Site "Helsingor DEN"]
[Date "2016.07.24"]
[Round "2.71"]
[White "Aubert, Carsten"]
[Black "Kaasen, Tor Fredrik"]
[Result "1/2-1/2"]
[WhiteElo "1977"]
[BlackElo "2219"]
[WhiteFideId "1504320"]
[BlackFideId "1516647"]
[EventDate "2016.07.23"]

1. d4 Nf6 2. c4 g6 3. Nc3 Bg7 4. e4 d6 5. f3 O-O 6. Be3 c5 7. Nge2 Nc6 8. dxc5
dxc5 9. Qxd8 Rxd8 10. Bxc5 Nd7 11. Be3 Nde5 12. Nf4 b6 13. Rc1 Ba6 14. b3 e6 15.
Kf2 Nb4 16. a3 Nbd3+ 17. Nxd3 Nxd3+ 18. Bxd3 Rxd3 19. Nb5 Bxb5 20. cxb5 Rxb3 21.
a4 Rb4 22. Rhd1 Rxa4 23. Rd7 Ra2+ 24. Kf1 Ra1 25. Rxa1 Bxa1 26. Ke2 Bf6 27. Rb7
Kf8 28. Bf4 e5 29. Be3 h5 30. Kf2 h4 31. Ke2 Ke8 32. Kf2 Be7 33. Ke2 Rc8 34.
Rxa7 Rc2+ 35. Kf1 Bc5 36. Rc7 Kd8 37. Rc6 Kd7 38. Bxc5 bxc5 39. Kg1 c4 40. Kf1
c3 41. Kg1 f5 42. Kf1 fxe4 43. fxe4 g5 44. h3 Rc1+ 45. Kf2 c2 46. Rc5 Kd6 47.
Rc6+ Kd7 48. Rc5 Kd6 49. Rc6+ 1/2-1/2

[Event "Xtracon Chess Open 2016"]
[Site "Helsingor DEN"]
[Date "2016.07.24"]
[Round "2.72"]
[White "Tryggestad, Andreas Garberg"]
[Black "Svensson, Lars-Ake"]
[Result "1-0"]
[WhiteElo "2216"]
[BlackElo "1972"]
[WhiteFideId "1513338"]
[BlackFideId "1714821"]
[EventDate "2016.07.23"]

1. d4 f5 2. c4 g6 3. h4 Nf6 4. h5 Bg7 5. h6 Bf8 6. Nc3 c6 7. Bg5 d6 8. Nf3 Be6
9. d5 Bf7 10. g3 c5 11. Bg2 Nbd7 12. O-O e6 13. dxe6 Bxe6 14. e4 Be7 15. exf5
Bxc4 16. Re1 O-O 17. fxg6 hxg6 18. Qc2 Bf7 19. Nh4 Kh7 20. f4 Rg8 21. f5 Ne5 22.
Rad1 Qe8 23. Rxd6 Bxd6 24. Bxf6 g5 25. Bxg5 Rxg5 26. Ne4 Qd8 27. f6 Rg6 28. Ng5+
Kh8 29. Nxf7+ Nxf7 30. Nxg6+ 1-0

[Event "Xtracon Chess Open 2016"]
[Site "Helsingor DEN"]
[Date "2016.07.24"]
[Round "2.73"]
[White "Skovgaard, Ib"]
[Black "Jorgensen, Dennis"]
[Result "1/2-1/2"]
[WhiteElo "1972"]
[BlackElo "2215"]
[WhiteFideId "1406760"]
[BlackFideId "1408380"]
[EventDate "2016.07.23"]

1. e4 c6 2. d4 d5 3. Nc3 dxe4 4. Nxe4 Bf5 5. Ng5 h6 6. N5f3 Nd7 7. Ne2 e6 8. Ng3
Bh7 9. Bd3 Bxd3 10. Qxd3 Qc7 11. O-O Ngf6 12. Re1 O-O-O 13. c4 Kb8 14. a3 Bd6
15. Qc3 Rhf8 16. b4 Bf4 17. Ne5 Bxc1 18. Raxc1 Nb6 1/2-1/2

[Event "Xtracon Chess Open 2016"]
[Site "Helsingor DEN"]
[Date "2016.07.24"]
[Round "2.74"]
[White "Rolvag, Mikael"]
[Black "Bering, Anders"]
[Result "1/2-1/2"]
[WhiteElo "2214"]
[BlackElo "1967"]
[WhiteFideId "1500481"]
[BlackFideId "1405810"]
[EventDate "2016.07.23"]

1. d4 Nf6 2. Nf3 e6 3. c4 d5 4. Nc3 dxc4 5. e3 a6 6. Bxc4 b5 7. Bd3 Bb7 8. O-O
c5 9. dxc5 Bxc5 10. Qe2 Nbd7 11. e4 e5 12. a3 O-O 13. Bg5 Be7 14. Rfd1 Qb6 15.
Nh4 Rfd8 16. Nf5 Bf8 17. Ne3 h6 18. Ned5 Bxd5 19. Nxd5 Qb7 20. Nxf6+ Nxf6 21.
Bxf6 gxf6 22. a4 Rd4 23. axb5 axb5 24. Rxa8 Qxa8 25. Bxb5 Rxd1+ 26. Qxd1 Qxe4
27. b3 1/2-1/2

[Event "Xtracon Chess Open 2016"]
[Site "Helsingor DEN"]
[Date "2016.07.24"]
[Round "2.75"]
[White "Oe, Oluf"]
[Black "Akdag, Dara"]
[Result "0-1"]
[WhiteElo "1971"]
[BlackElo "2213"]
[WhiteFideId "1404970"]
[BlackFideId "1413406"]
[EventDate "2016.07.23"]

1. e4 c5 2. Nc3 e6 3. Nf3 Nc6 4. Be2 Nf6 5. O-O a6 6. a4 Qc7 7. d4 cxd4 8. Nxd4
Bb4 9. Bf3 Ne5 10. Nce2 O-O 11. c3 Be7 12. Ng3 b6 13. Be2 Bb7 14. Qc2 Rac8 15.
Bg5 h6 16. Bxf6 Bxf6 17. f4 Nc4 18. Bxc4 Bxd4+ 19. cxd4 Qxc4 20. Qd2 Qb3 21. Ra3
Qc2 22. Qxc2 Rxc2 23. Rb3 f5 24. Rxb6 Bxe4 25. Nxe4 fxe4 26. g3 Rd2 27. Rd6 Rb8
28. Rxd7 Rbxb2 29. Re1 Rg2+ 30. Kh1 Rxh2+ 0-1

[Event "Xtracon Chess Open 2016"]
[Site "Helsingor DEN"]
[Date "2016.07.24"]
[Round "2.76"]
[White "Hoyer, Jacob"]
[Black "Mehringer, Joerg"]
[Result "0-1"]
[WhiteElo "2212"]
[BlackElo "1966"]
[WhiteFideId "1416316"]
[BlackFideId "12915351"]
[EventDate "2016.07.23"]

1. d4 e6 2. c4 f5 3. g3 Nf6 4. Bg2 Be7 5. Nf3 O-O 6. O-O d6 7. Nc3 Ne4 8. Qd3
Nxc3 9. bxc3 Nc6 10. e4 e5 11. Ba3 Qe8 12. d5 Nd8 13. c5 Qa4 14. cxd6 cxd6 15.
Nxe5 Qxa3 16. Nc4 Qc5 17. e5 b6 18. exd6 Bxd6 19. Ne3 f4 20. gxf4 Rxf4 21. Be4
Rh4 22. f4 Ba6 23. c4 Bxc4 24. Qxc4 Qxe3+ 25. Kg2 Qh3+ 26. Kf2 Rxf4+ 27. Ke2
Qg4+ 28. Ke3 Nf7 29. Bxh7+ Kxh7 30. Rxf4 Bxf4+ 31. Qxf4 Re8+ 0-1

[Event "Xtracon Chess Open 2016"]
[Site "Helsingor DEN"]
[Date "2016.07.24"]
[Round "2.77"]
[White "Sorensen, Bernhard"]
[Black "Skjoldager, Flemming"]
[Result "1-0"]
[WhiteElo "1655"]
[BlackElo "1926"]
[WhiteFideId "1442074"]
[BlackFideId "1406515"]
[EventDate "2016.07.23"]

1. d4 Nf6 2. Bf4 e6 3. e3 c5 4. c3 Nc6 5. Nf3 d5 6. Nbd2 cxd4 7. exd4 Bd6 8. Bg3
O-O 9. Bd3 Re8 10. Ne5 Ne7 11. O-O Ng6 12. f4 Qb6 13. Rb1 a6 14. h4 Ne7 15. h5
g6 16. hxg6 hxg6 17. Bh4 Kg7 18. Bxf6+ Kxf6 19. Qg4 Nf5 20. Qg5+ Kg7 21. Bxf5
exf5 22. Ndf3 Rh8 23. Nh4 Rh5 24. Qg3 Be7 25. Nhf3 Be6 26. Ng5 Rah8 27. Kf2 Bxg5
28. fxg5 Rh4 29. Nd3 Re4 30. Nc5 f4 31. Qf3 Re5 32. dxe5 Qxc5+ 33. Ke1 Rh5 34.
Qxf4 Bf5 35. Rd1 Qe7 36. Rxd5 Rxg5 37. Rh1 f6 38. Qe3 Qe6 39. exf6+ Qxf6 40. Qe8
Rh5 41. Rxh5 gxh5 42. Qe5 Bg4 43. Qxf6+ Kxf6 44. g3 Ke6 45. Rd4 Bf3 46. Kf2 Bc6
47. Ke3 Kf5 48. Rd8 Kg4 49. Rg8+ Kf5 50. c4 Bd7 51. Rg7 Bc6 52. a3 Kf6 53. Rc7
Bg2 54. Kf4 Bh1 55. Rc5 Kg6 56. Rg5+ Kh6 57. g4 hxg4 58. Rxg4 Bc6 59. b4 Bd7 60.
Rg1 Be6 61. c5 Bc4 62. Ke5 Bd3 63. Kd6 Be4 64. Kc7 Bd5 65. Kb6 Kh7 66. Re1 1-0

[Event "Xtracon Chess Open 2016"]
[Site "Helsingor DEN"]
[Date "2016.07.24"]
[Round "2.78"]
[White "Jacobsen, Per"]
[Black "Keen, Cosima"]
[Result "0-1"]
[WhiteElo "1636"]
[BlackElo "1918"]
[WhiteFideId "1413856"]
[BlackFideId "423050"]
[EventDate "2016.07.23"]

1. b3 d5 2. Bb2 Bf5 3. Nf3 e6 4. e3 Nf6 5. Be2 h6 6. O-O Bd6 7. d4 Ne4 8. Nbd2
Nd7 9. c4 c6 10. Rc1 O-O 11. cxd5 cxd5 12. Ne1 Qa5 13. Nxe4 Bxe4 14. a3 Rfc8 15.
b4 Qd8 16. f4 Rxc1 17. Bxc1 a6 18. Bd3 Nf6 19. Nf3 Rc8 20. Bb2 b5 21. Ne5 Bxe5
22. fxe5 Bxd3 23. Qxd3 Ne4 24. g3 Rc4 25. Qe2 Qc7 26. Qf3 Nd2 27. Qe2 Nxf1 28.
Qxf1 Rc2 29. Qb1 Qc4 0-1

[Event "Xtracon Chess Open 2016"]
[Site "Helsingor DEN"]
[Date "2016.07.24"]
[Round "2.79"]
[White "Voll, Oddvar U"]
[Black "Solberg, Joachim"]
[Result "0-1"]
[BlackTitle "CM"]
[WhiteElo "1967"]
[BlackElo "2211"]
[WhiteFideId "1533827"]
[BlackFideId "1502930"]
[EventDate "2016.07.23"]

1. e4 c5 2. Nf3 e6 3. b3 d6 4. Bb2 Nc6 5. Bb5 Bd7 6. O-O Nf6 7. d3 Be7 8. Nbd2
O-O 9. Bxc6 Bxc6 10. e5 Nd7 11. exd6 Bxd6 12. Qe2 b6 13. Rad1 Qc7 14. h3 b5 15.
d4 a6 16. c4 Rfe8 17. Rfe1 h6 18. Ne5 Nxe5 19. dxe5 Be7 20. Ne4 bxc4 21. Qxc4
Bd5 22. Qe2 Bxe4 23. Qxe4 Rad8 24. Qg4 Qa5 25. Bc1 Kf8 26. a3 Qb5 27. Rxd8 Rxd8
28. Re3 Rd4 29. Qh5 Rd3 30. Qf3 Rd5 31. Bb2 Qd7 32. Qe4 Kg8 33. Bc3 Qb5 34. Rf3
Qxb3 35. Qf4 Qb1+ 36. Kh2 Qg6 37. Qa4 Rd3 38. Qxa6 Rxf3 39. Qa8+ Bf8 40. Qxf3
Qc2 41. Ba5 c4 42. Bb4 Bxb4 43. axb4 c3 44. b5 Qb2 45. Qa8+ Kh7 46. Qe4+ g6 47.
Qf3 Kg8 48. b6 c2 49. Qa8+ Kg7 50. b7 Qxe5+ 51. g3 Qd4 52. Kg2 Qe4+ 0-1

[Event "Xtracon Chess Open 2016"]
[Site "Helsingor DEN"]
[Date "2016.07.24"]
[Round "2.80"]
[White "Rosenkilde, Alexander"]
[Black "Strachan, Christian C."]
[Result "1-0"]
[WhiteElo "2211"]
[BlackElo "1964"]
[WhiteFideId "1408488"]
[BlackFideId "1417215"]
[EventDate "2016.07.23"]

1. d4 d5 2. c4 c6 3. Nf3 Nf6 4. e3 a6 5. Bd3 dxc4 6. Bxc4 b5 7. Bd3 Bb7 8. O-O
e6 9. a4 Nbd7 10. e4 Be7 11. Qe2 O-O 12. e5 Ne8 13. Qe4 g6 14. Bh6 Ng7 15. Qg4
Nb6 16. Nc3 Nxa4 17. Nxa4 bxa4 18. Rfd1 Qd7 19. Bg5 c5 20. dxc5 Bxf3 21. gxf3
Bxg5 22. Qxg5 Qc7 23. Qe3 Rab8 24. Rxa4 Rxb2 25. Rxa6 Rb3 26. Qd4 Qb7 27. c6 Qc8
28. Qc4 Rb8 29. c7 Rb7 30. Rc1 Ne8 31. Rc6 Kg7 32. Qc5 Nxc7 33. Rxc7 Rxc7 34.
Qxc7 Qa8 35. Be4 Qa3 36. Rb1 Qa2 37. Qe7 Qd2 38. Qf6+ Kg8 39. Rb7 Qc1+ 40. Kg2
Qh6 41. Ra7 Qh5 42. h4 Qh6 43. f4 Qg7 44. Qxg7+ Kxg7 45. Ra8 h5 46. Rxf8 Kxf8
47. Kf3 1-0

[Event "Xtracon Chess Open 2016"]
[Site "Helsingor DEN"]
[Date "2016.07.24"]
[Round "2.81"]
[White "Thomsen, Kim R."]
[Black "Thogersen, Rasmus"]
[Result "1-0"]
[WhiteElo "1966"]
[BlackElo "2205"]
[WhiteFideId "1410890"]
[BlackFideId "1431412"]
[EventDate "2016.07.23"]

1. d4 Nf6 2. c4 g6 3. Nc3 d5 4. Qb3 dxc4 5. Qxc4 Bg7 6. Nf3 O-O 7. Bf4 Na6 8. e4
c5 9. d5 e6 10. Be2 exd5 11. exd5 Re8 12. O-O Bf5 13. Rad1 Qb6 14. Qb5 Ne4 15.
Qxb6 axb6 16. Na4 Nb4 17. Bb5 Rf8 18. Nh4 Bg4 19. f3 Ra5 20. fxg4 Rxb5 21. Rfe1
Nf6 22. Nc3 Ra5 23. a3 Nc2 24. Re7 Nxg4 25. Nf3 Nxa3 26. h3 Nc4 27. hxg4 Nxb2
28. Rd2 Bxc3 29. Rde2 Ra1+ 30. Kh2 Bg7 31. Be5 Bxe5+ 32. Nxe5 Nd1 33. Re1 f6 34.
Nd7 Rf7 35. d6 c4 36. Rxf7 Kxf7 37. Re7+ Kg8 38. Nxf6+ Kf8 39. Nxh7+ Kg8 40. d7
Ra8 41. Nf6+ Kf8 42. Re8+ 1-0

[Event "Xtracon Chess Open 2016"]
[Site "Helsingor DEN"]
[Date "2016.07.24"]
[Round "2.82"]
[White "Ramsdal, Jens Albert"]
[Black "Andersen, Per O"]
[Result "1-0"]
[WhiteElo "2204"]
[BlackElo "1962"]
[WhiteFideId "1429221"]
[BlackFideId "1503138"]
[EventDate "2016.07.23"]

1. e4 d5 2. exd5 Nf6 3. d4 Bg4 4. Nf3 Qxd5 5. Be2 Nc6 6. c4 Qf5 7. Be3 O-O-O 8.
Nbd2 e5 9. d5 Nb4 10. O-O Bxf3 11. Nxf3 e4 12. Nd4 Qg6 13. Qa4 a6 14. a3 Nd3 15.
Bxd3 exd3 16. h3 h5 17. b4 Ng4 18. hxg4 hxg4 19. f4 Qh5 20. Rfd1 Qh1+ 21. Kf2
g3+ 22. Kf3 Qh5+ 23. Ke4 Qg6+ 24. f5 Qg4+ 25. Kxd3 Bd6 26. Re1 Be5 27. Qd1 Qh4
28. Qf3 c6 29. Rh1 Qxh1 30. Rxh1 Rxh1 31. Bf4 Bxf4 32. Qxf4 Ra1 33. Nc2 Rh1 34.
Ne3 Ra1 35. Kd4 Rxa3 36. Kc5 Re8 37. Kb6 Re7 38. f6 gxf6 39. Nf5 Rd7 40. Nd6+
Kd8 41. Qxf6+ Re7 42. Nf5 1-0

[Event "Xtracon Chess Open 2016"]
[Site "Helsingor DEN"]
[Date "2016.07.24"]
[Round "2.83"]
[White "Molvig, Julius"]
[Black "Rewitz, Poul"]
[Result "0-1"]
[BlackTitle "FM"]
[WhiteElo "1964"]
[BlackElo "2202"]
[WhiteFideId "1405748"]
[BlackFideId "1401033"]
[EventDate "2016.07.23"]

1. d4 g6 2. c4 f5 3. g3 Nf6 4. Bg2 Bg7 5. Nf3 d6 6. b3 c6 7. Bb2 O-O 8. O-O Na6
9. Nbd2 Nc7 10. Qc2 Kh8 11. Rad1 a5 12. Rfe1 Nh5 13. e4 f4 14. d5 fxg3 15. hxg3
Bg4 16. Bxg7+ Nxg7 17. Qc3 b5 18. Rc1 b4 19. Qe3 c5 20. Qg5 Bxf3 21. Nxf3 e5 22.
Qxd8 Raxd8 23. Kf1 a4 24. Ke2 Ra8 25. Ra1 Ra6 26. Rh1 Rfa8 27. Ng5 Nh5 28. bxa4
Kg7 29. Rhd1 Rxa4 30. Ne6+ Nxe6 31. dxe6 Rxa2+ 32. Rxa2 Rxa2+ 33. Kf3 Ra3+ 34.
Ke2 Ra6 35. Rd3 Kf6 36. Bh3 Ke7 37. Kd1 Ng7 38. f4 exf4 39. gxf4 Ra3 40. Rxa3
bxa3 41. Kc2 Nxe6 42. f5 Nd4+ 43. Kc3 gxf5 44. exf5 h5 45. Bg2 Kf6 46. Be4 Ke5
47. Bb1 h4 0-1

[Event "Xtracon Chess Open 2016"]
[Site "Helsingor DEN"]
[Date "2016.07.24"]
[Round "2.84"]
[White "Walton, Alan J"]
[Black "Justinussen, Sigurd B."]
[Result "1-0"]
[WhiteTitle "CM"]
[WhiteElo "2201"]
[BlackElo "1959"]
[WhiteFideId "409898"]
[BlackFideId "7200773"]
[EventDate "2016.07.23"]

1. d4 d5 2. c4 e6 3. Nc3 Nf6 4. cxd5 exd5 5. Bg5 Be7 6. e3 O-O 7. Qc2 c6 8. Bd3
h6 9. Bh4 Be6 10. Nge2 Nbd7 11. f3 Rc8 12. O-O c5 13. Rae1 a6 14. a4 Re8 15. Nf4
Qb6 16. Nxe6 Qxe6 17. Bf5 Qc6 18. Kh1 Rcd8 19. Qf2 b5 20. axb5 axb5 21. e4 dxe4
22. fxe4 cxd4 23. Nd5 Nxd5 24. exd5 Bxh4 25. Rxe8+ Rxe8 26. dxc6 Bxf2 27. cxd7 1-0

[Event "Xtracon Chess Open 2016"]
[Site "Helsingor DEN"]
[Date "2016.07.24"]
[Round "2.85"]
[White "Huse, Sigurd Kjelsbol"]
[Black "Thuesen, Mogens"]
[Result "0-1"]
[WhiteElo "1963"]
[BlackElo "2200"]
[WhiteFideId "1520717"]
[BlackFideId "1400878"]
[EventDate "2016.07.23"]

1. e4 c5 2. Nf3 e6 3. d4 cxd4 4. Nxd4 Nf6 5. Nc3 Nc6 6. Ndb5 d6 7. Bf4 e5 8. Bg5
a6 9. Na3 Be6 10. Bxf6 gxf6 11. Nd5 Rc8 12. c3 Rg8 13. Nc4 f5 14. exf5 Bxf5 15.
Qf3 Qg5 16. Nce3 Be6 17. Nf6+ Kd8 18. Nxg8 Qxg8 19. Bd3 Kc7 20. Bf5 Kb8 21. Qg4
Bh6 22. Bxe6 fxe6 23. Qxg8 Rxg8 24. g3 e4 25. Ke2 Ne5 26. Rad1 d5 27. c4 Bxe3
28. fxe3 Nxc4 29. b3 Ne5 30. Rhf1 Nf3 31. Rxf3 exf3+ 32. Kxf3 Kc7 33. Rd4 Kd6
34. Rh4 Rg7 35. Rh6 b5 36. b4 Rf7+ 37. Ke2 Ke5 38. Rh4 Rc7 39. a3 Rc2+ 40. Kd3
Ra2 41. Rxh7 Rxa3+ 42. Ke2 Rb3 43. Rh4 Kf5 44. Rf4+ Kg6 45. h4 e5 46. Rg4+ Kf5
47. Rg5+ Kf6 48. Rg4 e4 49. h5 Rxb4 50. Rg6+ Ke5 51. Rxa6 Rb2+ 52. Kd1 d4 53.
exd4+ Kxd4 54. h6 Rh2 55. Rd6+ Ke3 56. Rb6 Kf3 57. Rxb5 Rxh6 58. g4 Rh1+ 59. Kc2
e3 60. Rf5+ Ke4 61. Rf8 e2 62. Re8+ Kf3 63. Kd2 Rd1+ 0-1

[Event "Xtracon Chess Open 2016"]
[Site "Helsingor DEN"]
[Date "2016.07.24"]
[Round "2.86"]
[White "Rossen, Claus"]
[Black "Rasmussen, Lars"]
[Result "1-0"]
[WhiteElo "2199"]
[BlackElo "1956"]
[WhiteFideId "1403222"]
[BlackFideId "1406434"]
[EventDate "2016.07.23"]

1. e4 e5 2. Nf3 Nc6 3. d4 exd4 4. Nxd4 Nf6 5. Nxc6 bxc6 6. e5 Qe7 7. Qe2 Nd5 8.
c4 Nb6 9. b3 a5 10. a4 Qe6 11. g3 Bc5 12. Be3 Bxe3 13. Qxe3 O-O 14. Bg2 Bb7 15.
O-O Rfe8 16. Re1 d6 17. exd6 Qxe3 18. Rxe3 Rxe3 19. fxe3 cxd6 20. Nc3 Rd8 21.
Rd1 Kf8 22. c5 Nc8 23. Rd4 f5 24. b4 d5 25. b5 Ne7 26. Bh3 Kf7 27. e4 Ke6 28.
exf5+ Nxf5 29. Rf4 g6 30. Ne2 Ke5 31. Bxf5 gxf5 32. Nd4 Rc8 33. b6 Rf8 34. Kf2
Rf6 35. Ke3 Bc8 36. g4 Rh6 37. Nf3+ Ke6 38. Rxf5 Rh3 39. Rf8 Ba6 40. Kd4 Be2 41.
Ng5+ Ke7 42. Nxh3 Kxf8 43. b7 1-0

[Event "Xtracon Chess Open 2016"]
[Site "Helsingor DEN"]
[Date "2016.07.24"]
[Round "2.87"]
[White "Kizatbay, Abyl"]
[Black "Petersen, Peter Birk"]
[Result "1/2-1/2"]
[WhiteElo "1961"]
[BlackElo "2197"]
[WhiteFideId "1521853"]
[BlackFideId "1401696"]
[EventDate "2016.07.23"]

1. e4 c5 2. Nf3 e6 3. d4 cxd4 4. Nxd4 Nc6 5. Nc3 d6 6. Be3 Nf6 7. Be2 Be7 8. O-O
O-O 9. Nb3 b6 10. a4 Bb7 11. Qd2 a6 12. f3 Qc7 13. Rfd1 Rac8 14. Bf1 Nd7 15. Qf2
Nce5 16. a5 b5 17. Bb6 Nxb6 18. Qxb6 Qb8 19. Rd2 Nc4 20. Bxc4 bxc4 21. Nd4 d5
22. Nxe6 Rc6 23. Nxf8 Rxb6 24. axb6 Bxf8 25. exd5 Bc5+ 26. Kh1 Qf4 27. Ne4 Bxb6
28. Rad1 f5 29. Ng3 Kf7 30. Ne2 Qd6 31. c3 Be3 32. Rc2 Bxd5 33. Nd4 Bb7 34. Re2
f4 35. Ree1 Qb6 36. Nf5 Bc8 37. Nd6+ Kg6 38. Nxc8 Qxb2 39. Ne7+ Kf7 40. Nd5 Qc2
41. Ra1 1/2-1/2

[Event "Xtracon Chess Open 2016"]
[Site "Helsingor DEN"]
[Date "2016.07.24"]
[Round "2.88"]
[White "Hartung-Nielsen, Jens"]
[Black "Steenstrup, Svend"]
[Result "1-0"]
[WhiteElo "2194"]
[BlackElo "1951"]
[WhiteFideId "1400690"]
[BlackFideId "1409182"]
[EventDate "2016.07.23"]

1. d4 Nf6 2. Nf3 g6 3. g3 Bg7 4. Bg2 d5 5. O-O c6 6. b3 Nbd7 7. Bb2 a5 8. a4 e5
9. Nxe5 Nxe5 10. dxe5 Ng4 11. Qc1 Qb6 12. e6 O-O 13. Bxg7 Kxg7 14. h3 Nf6 15.
exf7 Rxf7 16. Qb2 h5 17. Nd2 Bf5 18. Nf3 Re8 19. Rfe1 Kg8 20. Ng5 Ne4 21. Bxe4
Rxe4 22. Nxf7 Kxf7 23. Kg2 h4 24. Qc3 Qd8 25. Qf3 Kg8 26. Kh2 hxg3+ 27. fxg3 Qg5
28. e3 Qh6 29. Qf1 Bg4 30. c4 dxc4 31. bxc4 Be6 32. Rad1 Rxc4 33. Rd8+ Kh7 34.
Re2 Rxa4 35. Red2 Qg7 36. Rf2 Ra1 37. Qd3 Bd5 38. e4 Qe7 39. exd5 Qxd8 40. Rf7+
Kh6 41. Qe3+ g5 42. Qe6+ 1-0

[Event "Xtracon Chess Open 2016"]
[Site "Helsingor DEN"]
[Date "2016.07.24"]
[Round "2.89"]
[White "Rolvag, Birk Anders"]
[Black "Wilbrandt, Simon Pil"]
[Result "1-0"]
[WhiteElo "1959"]
[BlackElo "2190"]
[WhiteFideId "1507753"]
[BlackFideId "1436988"]
[EventDate "2016.07.23"]

1. e4 c5 2. Nc3 Nc6 3. g3 g6 4. Bg2 Bg7 5. d3 d6 6. Nge2 e6 7. Be3 Nge7 8. O-O
O-O 9. Qd2 Nd4 10. Nd1 Rb8 11. c3 Nxe2+ 12. Qxe2 b6 13. d4 f5 14. dxc5 bxc5 15.
f3 Nc6 16. Nf2 Qb6 17. Rfd1 Ne5 18. b3 Ba6 19. c4 Rbd8 20. Rac1 d5 21. exd5 exd5
22. f4 Nc6 23. Bxd5+ Rxd5 24. Rxd5 Re8 25. Qf3 Bd4 26. Bxd4 Nxd4 27. Rxd4 cxd4
28. Qd5+ Kf8 29. Nd3 Bb7 30. Qc5+ Qxc5 31. Nxc5 Bf3 32. Kf2 Be2 33. Nd7+ Kg7 34.
Ne5 d3 35. Ke3 g5 36. Kd2 Rd8 37. Rc3 gxf4 38. gxf4 Rd4 39. c5 Rxf4 40. c6 Rf2
41. Nxd3 Rxh2 42. Ke3 f4+ 43. Kxf4 Bxd3 44. Rxd3 Rc2 45. Rd7+ Kf6 46. Rxa7 Rxc6
47. Rxh7 Rc2 48. Ra7 Ke6 49. Ke4 Kd6 50. Kd4 Kc6 51. a4 Kb6 52. Ra8 Rc1 53. Re8
Ka5 54. Re5+ Kb6 55. Re3 Ka5 56. Re5+ Kb6 57. Kd3 Ka6 58. b4 Rd1+ 59. Kc2 Rd6
60. Kc3 Kb6 61. a5+ Ka6 62. Kb3 Rh6 63. Ka4 Rg6 64. b5+ Kb7 65. Re7+ Kb8 66. a6
Rh6 67. Ka5 Rh8 68. Re6 Ka8 69. Rd6 Rg8 70. b6 Kb8 71. Kb5 Rh8 72. Rd7 Rg8 73.
Kc6 Rc8+ 74. Rc7 Rh8 75. Rd7 Rc8+ 76. Kd6 Rh8 77. Re7 Rd8+ 78. Ke6 Ka8 79. Kf7
Kb8 80. Re8 Rxe8 81. Kxe8 Kc8 82. Ke7 Kb8 83. Kd6 Kc8 84. b7+ Kb8 85. Kc6 Ka7 1-0

[Event "Xtracon Chess Open 2016"]
[Site "Helsingor DEN"]
[Date "2016.07.24"]
[Round "2.90"]
[White "Johansen, Oivind"]
[Black "Kizatbay, Alseit"]
[Result "1/2-1/2"]
[WhiteTitle "FM"]
[WhiteElo "2180"]
[BlackElo "1945"]
[WhiteFideId "1501119"]
[BlackFideId "13712209"]
[EventDate "2016.07.23"]

1. d4 Nf6 2. c4 e6 3. Nc3 d5 4. Bg5 Be7 5. e3 O-O 6. Nf3 Re8 7. Rc1 c6 8. Bd3
Nbd7 9. O-O dxc4 10. Bxc4 Nd5 11. Bxe7 Qxe7 12. e4 Nxc3 13. bxc3 e5 14. Re1 b5
15. Bd3 a6 16. Re3 c5 17. d5 c4 18. Bc2 Qa3 19. Ra1 Nb6 20. Nd2 Bd7 21. Rg3 a5
22. Qc1 Qxc1+ 23. Rxc1 Nc8 24. Re3 Nd6 25. a3 Rab8 26. Rb1 Rb6 27. Kf1 Reb8 28.
Ree1 Kf8 29. Rb2 b4 30. axb4 axb4 31. Rxb4 Rxb4 32. cxb4 Rxb4 33. Rb1 Rxb1+ 34.
Nxb1 Nb5 35. Ke1 Ke7 36. Kd2 Kd6 1/2-1/2

[Event "Xtracon Chess Open 2016"]
[Site "Helsingor DEN"]
[Date "2016.07.24"]
[Round "2.91"]
[White "Eriksson, Christian"]
[Black "Gjare, Vidar"]
[Result "1/2-1/2"]
[WhiteElo "2176"]
[BlackElo "1646"]
[WhiteFideId "1412159"]
[BlackFideId "1525344"]
[EventDate "2016.07.23"]

1. e4 e5 2. Nf3 Nc6 3. d4 exd4 4. Nxd4 d6 5. Nc3 Nf6 6. Be2 Be7 7. Be3 Bd7 8. g4
Nxd4 9. Bxd4 c5 10. Bxf6 Bxf6 11. Qxd6 Bxc3+ 12. bxc3 Qe7 13. O-O-O Bc6 14. f3
Rd8 15. Qxd8+ Qxd8 16. Rxd8+ Kxd8 17. Kd2 Ke7 18. h4 f6 19. Ke3 h6 20. f4 g6 21.
Bf3 Kf7 22. Rd1 Re8 23. Rd6 Re6 24. Rxe6 Kxe6 25. f5+ Kf7 26. fxg6+ Kxg6 27. Kf4
a5 28. Be2 Ba4 29. Bd1 Bd7 30. e5 b5 31. a3 Kf7 32. exf6 Kxf6 33. Be2 b4 34. g5+
hxg5+ 35. hxg5+ Kg7 36. cxb4 cxb4 37. axb4 axb4 38. Bd3 Be6 39. Ke5 Ba2 40. Kf4
b3 41. c4 b2 42. c5 b1=Q 43. Bxb1 Bxb1 44. c6 Bd3 1/2-1/2